01379 2200313 4500001002100000005001500021035002000036245004700056100001900103250001700122300003200139260003600171082001000207084001600217020002200233650001400255520059100269500002000860008004100880990001600921990001600937990001600953990001600969990001600985990001601001990001601017990001601033990001601049INLIS00000000000019320240923081000 a0010-05240001151 aAneka Produk Dari Benang /cTim Kreatif SG0 aTim Kreatif SG acetakan ke-2 aiv. 29 hlm :bilus ;c21 cm aJakarta :bSinar Grafika,c2009 a677.7 a677.7 TIM a a978-979-007-173-5 4aKerajinan abenang merupakan perlengkapan yang biasa digunakan untuk menjahit. tetapi, jangan dikira bahwa jenis benang hanya benang jahit saja. benang ternyata memiliki beberapa jenis yang dapat digunakan sebagai bahan dasar untuk membuat berbagai kreasi yang cantik. buku ini hadir dengan mengulas tentang teknik membuat kristik dan menyulam bagi pemula. mulai dari penjelasan tentang kristik, dan sulam, alat dan bahan yang digunakan, cara mengkristik dan menyulam dengan disertai polanya, di mana kedua ketrampilan tersebut menggunakan bahan dasar benang, serta gambar hasil yang didapatkan. aSeri Life Skill240923 0  a00000000594 a00000000595 a00000000596 a00000000621 a00000000622 a00000000805 a00000002728 a00000002841 a00000003004